Statistics for US Time Zones

Click here to take the quiz!

General Stats

  • This quiz has been taken 18 times
  • The average score is 6 of 9

Answer Stats

Time Zone% Correct
Central
92%
Mountain
92%
Eastern
85%
Pacific
85%
Atlantic
69%
Hawaiian-Aleutian
62%
Alaskan
46%
Chamorro
15%
Samoa
15%

Score Distribution

Percentile by Number Answered

Percent of People with Each Score

Your Score History

You have not taken this quiz